000 00597nam a22001931c 4500
001 a01292
008 051003s1997 gw |||| 000u rus d
041 _arus
100 1 _aOganesjan, Nikolaj O.
_913479
245 0 0 _aKarabachskij konflikt :
_bEtapy, podchody, varianty rešenija
264 _aErevan,
_c1997
300 _a80 S. Klammerheftung.
651 0 _aBergkarabach
_913480
710 2 _aNacional'naja Akademija nauk respubliki Armenija
_913481
942 _cMG
040 _cRU-10907106
003 RU-10907106
999 _c51930
_d51930
506 _aSonderstandort, wenden Sie sich bitte an das Bibliothekspersonal